االقاموس الكافي المدرسي المزدوج : عربي إنكليزي : (Record no. 168952)

MARC details
000 -LEADER
fixed length control field 01051nam a22002777a 4500
003 - CONTROL NUMBER IDENTIFIER
control field OSt
005 - DATE AND TIME OF LATEST TRANSACTION
control field 20180821085524.0
008 - FIXED-LENGTH DATA ELEMENTS--GENERAL INFORMATION
fixed length control field 180724b my ||||| |||| 00| 0 ara d
020 ## - INTERNATIONAL STANDARD BOOK NUMBER
International Standard Book Number 9786144084632
Terms of availability RM45.00
Qualifying information paperback
040 ## - CATALOGING SOURCE
Original cataloging agency PPAK
Language of cataloging eng
Transcribing agency PPAK
Description conventions rda
082 04 - DEWEY DECIMAL CLASSIFICATION NUMBER
Edition number 23
Classification number 492.7321
090 00 - LOCALLY ASSIGNED LC-TYPE CALL NUMBER (OCLC); LOCAL CALL NUMBER (RLIN)
Classification number (OCLC) (R) ; Classification number, CALL (RLIN) (NR) 49.7321
Feature heading KAF
Feature heading RK
100 0# - MAIN ENTRY--PERSONAL NAME
Relator code author.
245 10 - TITLE STATEMENT
Title االقاموس الكافي المدرسي المزدوج : عربي إنكليزي :
Remainder of title AL KAFI SCOLASTIC DICTIONARY DOUBLE /
264 #1 - PRODUCTION, PUBLICATION, DISTRIBUTION, MANUFACTURE, AND COPYRIGHT NOTICE
Place of production, publication, distribution, manufacture Beirut :
Name of producer, publisher, distributor, manufacturer Learning ;
Date of production, publication, distribution, manufacture, or copyright notice 2013-2014
300 ## - PHYSICAL DESCRIPTION
Extent 1 volume : various pages
Other physical details colour illustrations ;
Dimensions 17 cm.
336 ## - CONTENT TYPE
Source rdacontent
Content type term text
337 ## - MEDIA TYPE
Source rdamedia
Media type term unmediated
338 ## - CARRIER TYPE
Source rdacarrier
Carrier type term volume
500 ## - GENERAL NOTE
General note Colored scholastic dictionary with drawings and illustrations. More than 19000 words, 1100 drawings and illustrations
546 ## - LANGUAGE NOTE
Language note Parallel Arabic and English text
650 10 - SUBJECT ADDED ENTRY--TOPICAL TERM
Topical term or geographic name entry element Arabic language
Form subdivision Dictionaries
General subdivision English
Topical term or geographic name entry element English language
Form subdivision Dictionaries
General subdivision Arabic
Topical term or geographic name entry element Picture dictionaries
942 ## - ADDED ENTRY ELEMENTS (KOHA)
Source of classification or shelving scheme Dewey Decimal Classification
Koha item type Book
Holdings
Withdrawn Not for loan Current library Shelving location Date acquired Full call number Barcode Date last seen Koha item type
  Not For Loan Perpustakaan Alor Setar Rujukan Kanak-kanak 06/12/2018 RK 492.7321 KAF A01586261 06/12/2018 Book